Grupy ligi europy w sezonie 2020/21. - Statystyki

Ogólne statystyki
  • Ten quiz został rozwiązany 37 razy
  • Średni wynik to 19 z 48
Statystyki odpowiedzi
Hint Odpowiedź % Poprawnych
Grupa B Arsenal
79%
Grupa D Lech Poznań
73%
Grupa A Roma
73%
Grupa D Rangers
70%
Grupa D Benfica
67%
Grupa J Tottenham
67%
Grupa F Napoli
64%
Grupa I Villarreal
61%
Grupa F Real Sociedad
58%
Grupa H AC Milan
55%
Grupa H Celtic
55%
Grupa K CSKA Moskwa
52%
Grupa L Gent
52%
Grupa H Sparta Praga
52%
Grupa H Lille
48%
Grupa E PSV
48%
Grupa C Slavia Praga
48%
Grupa D Standard Liege
48%
Grupa C Bayer Leverkusen
45%
Grupa G Leicester
45%
Grupa B Rapid Wiedeń
45%
Grupa A Young Boys
45%
Grupa K Dinamo Zagrzeb
42%
Grupa B Molde
42%
Grupa G AEK Ateny
39%
Grupa K Feyenoord
39%
Grupa E PAOK
39%
Grupa G Braga
36%
Grupa L Crvena zvezda
36%
Grupa A Cluj
33%
Grupa I Qarabag
33%
Grupa F AZ Alkmaar
30%
Grupa B Dundalk
30%
Grupa E Granada
30%
Grupa L Hoffenheim
27%
Grupa C Nice
27%
Grupa J Ludogorets
24%
Grupa E Omonia Nikozja
24%
Grupa J Lask Linz
21%
Grupa L Slovan Liberec
21%
Grupa A CSKA Sofia
18%
Grupa I Maccabi Tel Aviv
18%
Grupa K Wolfsberger
18%
Grupa F Rijeka
15%
Grupa J Royal Antwerp
15%
Grupa I Sivasspor
12%
Grupa C Hapoel Beer Sheva
9%
Grupa G Zorya
9%
Nie znaleziono quizów pasujących do podanych kryteriów
Rozkład punktacji
Procent ludzi z każdym wynikiem
Percentyl według liczby udzielonych odpowiedzi
Twoja historia wyników
Nie rozwiązałeś tego quizu